000 00387cam a22001217a 4500
008 180718b1965 xxu||||| |||| 00| 0 eng d
082 _aBA27x5433 Sh51
100 _aSher, Sher Singh
245 _aSansis of Punjab: a gypsy and de-notified tribe of Rajput origin
_cby Sher Singh Sher
260 _aDelhi
_bMunshiram Manoharlal
_c1965
300 _axix, 367p
650 _aSansi (Indic people)
999 _c422911
_d422911